000 00356nam a2200145Ia 4500
008 151213s9999 xx 000 0 und d
100 _aPoul Bently
245 _aThe Poetry of Ted Hughes
_cPoul Bently
260 _aNew York
300 _a7079 p.
650 _aEnglish Literature
650 _aEnglish Literature
700 _aPoul Bently
999 _c3747
_d3747